00743nam a2200205 a 4500999001500000001000600015003000900021005001700030008004100047040003300088082002300121100002000144245006700164260005400231300002900285505005400314650003600368942001200404952012100416 c1284d128411805BD-DhUAP20200204163923.0200204s1994 bg 000 0 eng d aDLCcBD-DhUAPbEngdBD-DhUAP00a342.549202 KAM223 aKamal, Mustafa.10aBangladesh Constitution :btrends and issues /cMustafa Kamal. aDhaka, Bangladesh :bUniversity of Dhaka,cc1994. axvi, 177 pages ;c22 cm. a"Kamini Kumar Dutta memorial law lectures, 1994." aConstitutional lawzBangladesh. 2ddccBK 00102ddc4070aUAPCLbUAPCLcGeneral Stacksd2020-02-04o342.549202 KAMp3010011805r2020-02-04t1w2020-02-04yBK